| 000 | 01249nam a2200229Ia 4500 | ||
|---|---|---|---|
| 001 | L100-51825 | ||
| 003 | IT-CnALBA | ||
| 008 | 170116s9999||||xx |||||||||||||| ||und|| | ||
| 040 |
_aIT-CnALBA _cIT-CnALBA |
||
| 041 | _aITALIANO | ||
| 100 | _aDE SANTILLANA GIORGIO | ||
| 245 | 0 | _aIL MULINO DI AMLETO. SAGGIO SUL MITO E SULLA STRUTTURA DEL TEMPO. | |
| 250 | _a2a ed. | ||
| 260 |
_aMILANO _bADELPHI - EDIZIONI, S.P.A. _c2000 [1° Ed.:1983 - Ed.Ling.Originale: 2000] |
||
| 300 | _a630 p. | ||
| 500 | _aCURATORE PASSI A. NUOVA EDIZIONE RIVEDUTA E AMPLIATA. RACCONTO CRONISTA. LA FIGURA IN FINLANDIA. PARALLELO IRONICO. STORIA MITO REALTÀ. GUIDA PER I PERPLESSI. SVILUPPI IN INDIA. LA MACINA DI AMLOOI E LA SUA TROTTOLA. L'ULTIMO RACCONTO DI SOCRATE. IL GORGO | ||
| 501 | _aSocietà San Paolo EM - Piazza San Paolo, 14 - 12051 ALBA (CN) (non commercial uses only) ® Copyright 2017 | ||
| 520 | _aCURATORE PASSI A. NUOVA EDIZIONE RIVEDUTA E AMPLIATA. RACCONTO CRONISTA. LA FIGURA IN FINLANDIA. PARALLELO IRONICO. STORIA MITO REALTÀ. GUIDA PER I PERPLESSI. SVILUPPI IN INDIA. LA MACINA DI AMLOOI E LA SUA TROTTOLA. L'ULTIMO RACCONTO DI SOCRATE. IL GORGO | ||
| 650 | _aFILOSOFIA E DISCIPLINE COLLEGATE | ||
| 942 | _cBK | ||
| 957 | _71 | ||
| 999 |
_a68430 _bNO _g Copie: 1 _c310708 _d310708 |
||